| 000 | 00000nam##2200000za#4500 |
| 001 | 9.587844 |
| 003 | CaOODSP |
| 005 | 20210624194830 |
| 007 | cr ||||||||||| |
| 008 | 150406|2002||||xxc|||||o f|0| 0 fre|d |
| 040 | |aCaOODSP|bfre |
| 041 | |aeng |
| 041 | |afre |
| 043 | |an-cn--- |
| 086 | 1 |aSP2-6/2001-PDF |
| 110 | 1 |aCanada. |bImprimeur de la Reine. |
| 245 | 10|aBanques, sociétés de fiducie et sociétés de prêt - soldes non réclamés : |h[ressource électronique]|bdéclarés au 31 décembre 2001 par les banques, les sociétés de fiducie et les sociétés de prêt |
| 260 | |aOttawa - Ontario : |bImprimeur de la Reine |c2002. |
| 300 | |a500p.|btableaux |
| 490 | 1 |aGazette du Canada, Partie I. Supplément|vLe 1er juin 2002 |
| 590 | |a11-19-Supp|b2011-09-23 |
| 691 | 07|aBanque|2gcpds |
| 691 | 07|aSociété de crédit|2gcpds |
| 691 | 07|aSociété de fiducie|2gcpds |
| 776 | 0#|tBanks, trust companies and loan companies: unclaimed balances : |w(CaOODSP)9.536712 |
| 791 | |tBanks, trust companies and loan companies - unclaimed balances : |eeng|w(CaOODSP)9.587843 |
| 830 | #0|aGazette du Canada, partie I. Supplément ;|vLe 1er juin 2002|w(CaOODSP)9.500176 |
| 856 | 40|ahttp://publications.gc.ca|qPDF|s2.77 Mo|uhttps://publications.gc.ca/collections/Collection/SP2-6-2001.pdf|yLe 1er juin 2002 |